| LEADER | 00872nam a2200277 4500 | ||
|---|---|---|---|
| 001 | DLU130148573 | ||
| 005 | ##20130619 | ||
| 040 | # | # | |a DLU |b vie |
| 041 | # | # | |a vie |
| 044 | # | # | |a vn |
| 100 | # | # | |a Trần Thị Kim Phượng, |c TS. |
| 245 | # | # | |a Danh từ vui trong tiếng Việt nhìn từ phương diện nội dung ngữ nghĩa và cách thức lập luận / |c Trần Thị Kim Phượng, Mai Thanh Dung. |
| 653 | # | # | |a Chân lí |
| 653 | # | # | |a Danh ngôn |
| 653 | # | # | |a Ngữ nghĩa |
| 700 | # | # | |a Mai Thanh Dung. |
| 773 | # | # | |t Tạp chí Ngôn ngữ |g Số 12(284), 2012, tr. 27-46 |
| 920 | # | # | |a Phòng Tạp chí -- Trung tâm Thông tin - Thư viện Trường Đại học Đà Lạt |
| 994 | # | # | |a DLU |
| 900 | # | # | |a True |
| 911 | # | # | |a Nguyễn Thị Linh Chi |
| 925 | # | # | |a G |
| 926 | # | # | |a A |
| 927 | # | # | |a BB |
| 980 | # | # | |a Thư viện Trường Đại học Đà Lạt |